| 000 | 00657nam a2200229 a 4500 | ||
|---|---|---|---|
| 005 | 20210223124503.0 | ||
| 008 | 011024s2000 r 000 0 eng d | ||
| 020 | _a8441510679 | ||
| 035 | _aUPN01000113426 | ||
| 049 | _aCG | ||
| 050 | 4 |
_aQA76.76 O6.3 _bP3.3 |
|
| 100 | 1 | _aPardo Niebla, Miguel | |
| 245 | 1 | 0 |
_aGuía visual de Windows Me / _cMiguel Pardo Niebla. |
| 260 |
_aMadrid : _bAnaya Multimedia, _cc2000. |
||
| 300 |
_a192 p. : _bil. col. |
||
| 440 | 0 | _aGuías visuales | |
| 650 | 4 |
_aSISTEMAS OPERATIVOS (COMPUTADORAS) _95927 |
|
| 650 | 4 | _aMICROSOFT WINDOWS(ARCHIVO DE COMPUTADORA) | |
| 901 | _a186974 | ||
| 902 | _aBDV/tgg. | ||
| 905 | _aLibro | ||
| 999 |
_c87334 _d87334 |
||